|
|
|
|
| LEADER |
00000cam a2200000 7i4500 |
| 001 |
0000002080 |
| 005 |
20020923.0 |
| 020 |
0 |
0 |
|a 0827380402
|
| 090 |
0 |
0 |
|a 635.977
|b GIL 2000
|
| 100 |
1 |
0 |
|a GILMAN
|h Edward F.
|
| 245 |
1 |
3 |
|a An illustrated guide to pruning
|c Edward F. Gilman
|
| 260 |
0 |
0 |
|a Albany, N.Y. :
|b Delmar Pub. ,
|c 2000
|
| 300 |
|
|
|a xi, 178 p. :
|b ill. ;
|c 28 cm.
|
| 440 |
0 |
0 |
|a Trees for urban and suburban landscapes
|
| 500 |
0 |
0 |
|a Bibliography : p. 173 and index
|
| 650 |
0 |
0 |
|a Ornamental trees
|x Pruning
|
| 650 |
0 |
0 |
|a Trees in cities
|
| 998 |
|
|
|a JPSM
|
| 999 |
|
|
|a 0000003442
|b Monograph
|c Open Shelf
|e Default branch
|